000 01206cab a2200229 4500
001 ##L134121
008 060712n2006 000 0 eng u
035 _a(Sirsi) u134121
041 0 _aeng
100 1 _aSoltani, Sonia
245 0 0 _aThere's more than one way to skin an office
260 _c2006
490 0 _aBuilding
_v271(8438) 7 July 2006, 82-92(8)
520 _aReports on increasing demand for cladding of high rise buildings with geometrically complex surfaces, concentrating particularly on developments in Aldgate, London and Huntingdon. Other articles look at the latest cladding and curtain wall products, explain how facades can control a building's airflow, heat transfer, lighting and acoustics, examine the whole-life costs and performance of curtain walling, and feature an interview with the architect responsible for the redevelopment of Wembley Park underground station.
590 _aIKA180706
651 4 _aUnited Kingdom
_y
690 _aBUILT ENVIRONMENT-BUILDING ELEMENTS-PARTS OF BUILDING ELEMENTS-CARCASS, STRUCTURE AND FABRIC-COVERING AND EXTERNAL FINISHES
700 1 _aBrownrigg, Scott
700 1 _aMayer, Peter
710 2 _aBarbour Index
_92548
942 _n0
999 _c77380
_d77380